[Event "31st WCh U20 Girls"]
[Site "Kocaeli TUR"]
[Date "2013.09.19"]
[Round "7.24"]
[White "Sihite, Chelsie Monica"]
[Black "Anu Bayar"]
[Result "1-0"]
[WhiteElo "2282"]
[BlackElo "2012"]
[EventDate "2013.09.13"]
[PlyCount "89"]

1.e4 c5 2.Nf3 g6 3.d4 cxd4 4.Qxd4 Nf6 5.Nc3 Nc6 6.Qa4 d6 7.e5 dxe5 8.Nxe5 
Qd4 9.Nxc6 Qxa4 10.Nxa4 bxc6 11.Bc4 Bf5 12.Bb3 Nd5 13.Bd2 Bg7 14.O-O-O O-O
15.Rhe1 Rfe8 16.f3 h5 17.h3 Nb6 18.Be3 Rab8 19.Nxb6 axb6 20.g4 hxg4 21.
hxg4 Bc8 22.Ba4 b5 23.Bb3 Rb7 24.Bc5 Bh6+ 25.Kb1 Bg5 26.Rd3 Rd7 27.Rxd7 
Bxd7 28.Rd1 Bc8 29.a4 Bf4 30.Re1 Kf8 31.Bb6 Bd7 32.a5 Ra8 33.Rd1 Bd6 34.c3
f5 35.g5 Bc8 36.Re1 Bf4 37.Be6 Bb7 38.Rd1 Bd6 39.b4 Bc8 40.Bb3 Kg7 41.Bd4+
Kf8 42.Rh1 e5 43.Bb6 Be7 44.f4 Kg7 45.Bc7 1-0

[Event "31st WCh U20 Girls"]
[Site "Kocaeli TUR"]
[Date "2013.09.19"]
[Round "7.25"]
[White "Nasriddinzoda, Marvorii"]
[Black "Barbosa, Larissa Ichimura"]
[Result "1-0"]
[WhiteElo "2032"]
[BlackElo "1868"]
[EventDate "2013.09.13"]
[PlyCount "85"]

1.d4 Nf6 2.Bg5 g6 3.Bxf6 exf6 4.e3 Bg7 5.g3 O-O 6.Bg2 d6 7.Ne2 Nd7 8.O-O 
f5 9.c4 Nf6 10.Nbc3 Re8 11.Qc2 c6 12.Rfd1 h5 13.h4 g5 14.hxg5 Ng4 15.Nf4 
Qxg5 16.b4 h4 17.Nh3 Qh6 18.Ne2 Bd7 19.Re1 hxg3 20.Nxg3 f4 21.Nxf4 Qh2+ 
22.Kf1 Nxe3+ 23.fxe3 Qxg3 24.Qf2 Qg5 25.Rab1 Bf5 26.Rb2 Re7 27.Rd2 Rae8 
28.b5 Be4 29.Bxe4 Rxe4 30.bxc6 bxc6 31.Qf3 Qh6 32.Rg2 Kf8 33.Ree2 Qh1+ 34.
Kf2 Qh4+ 35.Kg1 Qf6 36.Rg4 c5 37.d5 Rxc4 38.Ng6+ fxg6 39.Qxf6+ Bxf6 40.
Rxc4 Re5 41.Rf4 Kg7 42.Ref2 Bh4 43.Rxh4 1-0

[Event "31st WCh U20 Girls"]
[Site "Kocaeli TUR"]
[Date "2013.09.19"]
[Round "7.26"]
[White "Krumova, Ani"]
[Black "Guney, Gamze Nur"]
[Result "0-1"]
[WhiteElo "1993"]
[BlackElo "1731"]
[EventDate "2013.09.13"]
[PlyCount "58"]

1.e4 c5 2.c3 d5 3.exd5 Qxd5 4.d4 Nf6 5.Nf3 Bg4 6.Be2 e6 7.O-O Be7 8.Be3 
cxd4 9.cxd4 O-O 10.Nc3 Qa5 11.h3 Bh5 12.Qb3 Nbd7 13.Rfd1 Rfe8 14.d5 Bc5 
15.Bxc5 Nxc5 16.Qc4 Rac8 17.b4 Na4 18.Qh4 Nxc3 19.bxa5 Nxe2+ 20.Kf1 exd5 
21.Re1 Re4 22.Qg5 Rc2 23.Rac1 Nxc1 24.Rxc1 h6 25.Rxc2 hxg5 26.Nxg5 Re8 27.
Rc7 d4 28.g4 Bg6 29.Rxb7 d3 0-1

[Event "31st WCh U20 Girls"]
[Site "Kocaeli TUR"]
[Date "2013.09.19"]
[Round "7.27"]
[White "Anjana Krishna, S."]
[Black "Racki, Barbara"]
[Result "1-0"]
[WhiteElo "1881"]
[BlackElo "1946"]
[EventDate "2013.09.13"]
[PlyCount "38"]

1.e4 c5 2.c3 Nf6 3.e5 Nd5 4.d4 cxd4 5.Qxd4 e6 6.Nf3 Nc6 7.Qe4 d6 8.Bb5 Bd7
9.c4 Nb6 10.exd6 Bxd6 11.O-O a6 12.Rd1 axb5 13.cxb5 Ne7 14.Rxd6 Ned5 15.
Nc3 Qe7 16.Rxb6 Nxb6 17.Qxb7 Qd6 18.Be3 Rb8 19.Ne4 Ra8 1-0

[Event "31st WCh U20 Girls"]
[Site "Kocaeli TUR"]
[Date "2013.09.19"]
[Round "7.28"]
[White "Leonardi, Caterina"]
[Black "Soylemez, Cansu"]
[Result "1/2-1/2"]
[WhiteElo "1944"]
[BlackElo "1905"]
[EventDate "2013.09.13"]
[PlyCount "87"]

1.d4 Nf6 2.c4 e6 3.Nc3 Bb4 4.Bg5 O-O 5.e4 h6 6.Bxf6 Qxf6 7.Nf3 d6 8.Be2 
Bxc3+ 9.bxc3 Qg6 10.Qd3 Nd7 11.O-O e5 12.Nh4 Qg5 13.Nf5 Nb6 14.Ne3 g6 15.
g3 Bh3 16.f4 Qe7 17.Rf2 Rae8 18.Bg4 exd4 19.cxd4 Qxe4 20.Qxe4 Rxe4 21.Bxh3
Rxe3 22.c5 dxc5 23.dxc5 Nd5 24.Bg2 Rd3 25.Rc1 c6 26.Rb2 Rb8 27.Rcb1 b5 28.
cxb6 axb6 29.Bxd5 cxd5 30.Rxb6 Rxb6 31.Rxb6 Rd1+ 32.Kf2 Rd2+ 33.Ke3 Rxa2 
34.Rd6 Rxh2 35.Rxd5 Kg7 36.g4 h5 37.gxh5 gxh5 38.Kf3 Kg6 39.Rg5+ Kh6 40.
Rf5 Kg6 41.Rg5+ Kf6 42.Kg3 Rh1 43.Kg2 Rh4 44.Kg3 1/2-1/2

[Event "31st WCh U20 Girls"]
[Site "Kocaeli TUR"]
[Date "2013.09.19"]
[Round "7.29"]
[White "Armas, Lena"]
[Black "Firat, Deniz"]
[Result "0-1"]
[WhiteElo "1920"]
[BlackElo "1664"]
[EventDate "2013.09.13"]
[PlyCount "90"]

1.e4 c5 2.Nc3 d6 3.f4 g6 4.Nf3 Bg7 5.Bc4 e6 6.d3 Ne7 7.Bb3 O-O 8.O-O Nbc6 
9.Qe1 Nd4 10.f5 Nxb3 11.axb3 exf5 12.Qh4 Nc6 13.Bg5 f6 14.Bd2 Be6 15.Rae1 
Ne5 16.Qg3 fxe4 17.Nxe4 b6 18.d4 Nxf3+ 19.Rxf3 Bd5 20.Rd3 Bxe4 21.Rxe4 f5 
22.Re6 cxd4 23.Rxd6 Qe7 24.Bf4 Rfe8 25.Rd1 Qe2 26.Rc1 Rac8 27.Qf2 Rxc2 28.
Qxe2 Rexe2 29.Rxc2 Rxc2 30.Rd8+ Kf7 31.Rd7+ Kf6 32.Rxd4 Rxb2 33.b4 Bf8 34.
Rd7 Rxb4 35.Bg3 a5 36.Rxh7 a4 37.Ra7 Rb1+ 38.Kf2 a3 39.Ra6 Rb2+ 40.Kf3 a2 
41.Bf2 Rb3+ 42.Ke2 Ba3 43.Bd4+ Kg5 44.Kd2 Bb2 45.h4+ Kh5 0-1

[Event "31st WCh U20 Girls"]
[Site "Kocaeli TUR"]
[Date "2013.09.19"]
[Round "7.30"]
[White "Shristi Shetty, J."]
[Black "Sen, Beril Berfin"]
[Result "1-0"]
[WhiteElo "1909"]
[BlackElo "1609"]
[EventDate "2013.09.13"]
[PlyCount "69"]

1.e4 e5 2.Nf3 Nc6 3.Bb5 a6 4.Ba4 Nf6 5.Bxc6 dxc6 6.d3 Bd6 7.Nbd2 c5 8.c3 
O-O 9.O-O Re8 10.h3 Nd7 11.Nc4 b5 12.Nxd6 cxd6 13.a4 Bb7 14.Bg5 Qc7 15.Nh4
h6 16.Be3 Nf8 17.Qg4 Kh7 18.Nf5 Ne6 19.f4 g6 20.Nxh6 Kxh6 21.f5+ Kg7 22.
f6+ Kg8 23.h4 Bc8 24.Qg3 Kh7 25.h5 Rg8 26.hxg6+ Rxg6 27.Qh4+ Kg8 28.Rf5 
Nf4 29.Bxf4 Bxf5 30.exf5 exf4 31.fxg6 fxg6 32.Re1 Qh7 33.Qxf4 Qd7 34.Re7 
Qf5 35.Rg7+ 1-0

[Event "31st WCh U20 Girls"]
[Site "Kocaeli TUR"]
[Date "2013.09.19"]
[Round "7.32"]
[White "Gulay, Ayca Nuriye"]
[Black "Savant, Riya"]
[Result "0-1"]
[WhiteElo "1634"]
[BlackElo "1960"]
[EventDate "2013.09.13"]
[PlyCount "70"]

1.c3 Nf6 2.d3 d5 3.Qc2 e5 4.e4 h6 5.Qe2 b6 6.Nf3 dxe4 7.dxe4 Bd6 8.h3 Bb7 
9.Nbd2 Nbd7 10.Nh2 Nc5 11.f3 Nh5 12.b4 Ng3 13.Qc4 Nxh1 14.bxc5 Bxc5 15.Ng4
Qh4+ 16.Ke2 Ng3+ 17.Kd1 Nxf1 18.Nxf1 O-O-O+ 19.Kc2 Qe7 20.Be3 Bxe3 21.
Nfxe3 g6 22.a4 h5 23.Nf2 Rd6 24.Nd5 Qd8 25.a5 Kb8 26.axb6 cxb6 27.Rd1 Qc8 
28.Qb3 Rhd8 29.Qa2 b5 30.Ra1 Ra6 31.Qb2 Rxa1 32.Qxa1 Bxd5 33.exd5 Rxd5 34.
Ne4 f5 35.Qa2 Qe6 0-1

[Event "31st WCh U20 Girls"]
[Site "Kocaeli TUR"]
[Date "2013.09.19"]
[Round "7.33"]
[White "Matute Loja, Belen"]
[Black "Soydan, Busra"]
[Result "1-0"]
[WhiteElo "1955"]
[BlackElo "1709"]
[EventDate "2013.09.13"]
[PlyCount "37"]

1.e4 e5 2.Bc4 d6 3.Nf3 Be7 4.O-O h6 5.d3 Nf6 6.c3 O-O 7.Bb3 c6 8.Nbd2 Nbd7
9.Re1 Nc5 10.Bc2 Qc7 11.Nf1 Kh7 12.Ng3 g6 13.h3 Re8 14.Be3 Ne6 15.Qd2 Bf8 
16.Nh2 Ng8 17.d4 a5 18.d5 Nc5 19.Rad1 1-0

[Event "31st WCh U20 Girls"]
[Site "Kocaeli TUR"]
[Date "2013.09.19"]
[Round "7.34"]
[White "Micoogullari, Lara"]
[Black "Gueci, Laura"]
[Result "0-1"]
[WhiteElo "1585"]
[BlackElo "1904"]
[EventDate "2013.09.13"]
[PlyCount "44"]

1.Nf3 c5 2.c4 Nc6 3.Nc3 g6 4.g3 Bg7 5.Bg2 d6 6.O-O e5 7.e3 Nge7 8.b3 h6 9.
Rb1 Bf5 10.e4 Bg4 11.h3 Bxf3 12.Bxf3 Nd4 13.Bg2 O-O 14.d3 a6 15.f4 exf4 
16.Bxf4 Rb8 17.Qd2 Kh7 18.Rbe1 Ne6 19.e5 dxe5 20.Bxe5 Bxe5 21.Rxe5 Qd4+ 
22.Re3 Nf5 0-1

[Event "31st WCh U20 Girls"]
[Site "Kocaeli TUR"]
[Date "2013.09.19"]
[Round "7.35"]
[White "Alymbay Kyzy, Aizhan"]
[Black "Tuzi, Bruna"]
[Result "0-1"]
[WhiteElo "1820"]
[BlackElo "1687"]
[EventDate "2013.09.13"]
[PlyCount "58"]

1.e4 c5 2.Nf3 Nc6 3.d4 cxd4 4.Nxd4 Nf6 5.Nc3 e5 6.Ndb5 d6 7.Bg5 a6 8.Na3 
b5 9.Bxf6 gxf6 10.Nd5 Bg7 11.c4 b4 12.Qa4 bxa3 13.Qxc6+ Bd7 14.Nc7+ Ke7 
15.Nd5+ Ke8 16.Nc7+ Ke7 17.Nd5+ Ke8 18.Nc7+ Ke7 19.Qxa8 Qxc7 20.Qxa6 axb2 
21.Rb1 Rb8 22.Bd3 Bh6 23.O-O Qc5 24.a4 Bc8 25.Qb5 Rxb5 26.cxb5 Bc1 27.a5 
Be6 28.Rbxc1 bxc1=Q 29.Rxc1 Qxc1+ 0-1

[Event "31st WCh U20 Girls"]
[Site "Kocaeli TUR"]
[Date "2013.09.19"]
[Round "7.36"]
[White "Alev, Gonulden Seda"]
[Black "Aslan, Cagla Yaren"]
[Result "0-1"]
[WhiteElo "1632"]
[BlackElo "1697"]
[EventDate "2013.09.13"]
[PlyCount "65"]

1.e4 c5 2.Nf3 d6 3.d4 cxd4 4.Nxd4 Nf6 5.Nc3 g6 6.Bc4 Bg7 7.f3 O-O 8.Be3 
Nc6 9.Qd2 Bd7 10.g4 Ne5 11.Bb3 b5 12.h4 b4 13.Nd5 Nxd5 14.Bxd5 Nxf3+ 15.
Nxf3 Bxg4 16.Nd4 Rc8 17.Rb1 e6 18.Bb3 Qa5 19.Rg1 Qh5 20.Bg5 h6 21.Be7 Rfe8
22.Bxd6 Rcd8 23.Qxb4 e5 24.Rh1 exd4 25.Kd2 Be5 26.Bxe5 Qxe5 27.Rbf1 Qxe4 
28.Kc1 Bf5 29.Qd2 d3 30.Re1 dxc2 31.Rxe4 Rxd2 32.Rxe8+ Kg7 33.Kxd2 0-1

[Event "31st WCh U20 Girls"]
[Site "Kocaeli TUR"]
[Date "2013.09.19"]
[Round "7.37"]
[White "Urbonaviciute, Zivile"]
[Black "Birgelir, Melisa"]
[Result "1-0"]
[WhiteElo "1826"]
[BlackElo "1617"]
[EventDate "2013.09.13"]
[PlyCount "89"]

1.e4 e6 2.d4 d5 3.Nd2 dxe4 4.Nxe4 Nf6 5.Bd3 Nbd7 6.Nf3 Nxe4 7.Bxe4 Nf6 8.
Bd3 c5 9.c3 Be7 10.Bg5 Qc7 11.Qc2 h6 12.Bb5+ Bd7 13.Bxd7+ Nxd7 14.Bxe7 
Kxe7 15.O-O Nf6 16.c4 Rhd8 17.Rfd1 Kf8 18.Qb3 cxd4 19.Nxd4 a6 20.h3 Kg8 
21.Rac1 Rac8 22.Qb4 Rd7 23.Nb3 Qd8 24.Rxd7 Qxd7 25.a3 Qc7 26.Na5 b6 27.Nb3
Ne4 28.c5 Nxc5 29.Nxc5 bxc5 30.Qc4 Qa5 31.b4 Qxa3 32.bxc5 Qa5 33.c6 Rc7 
34.Qc2 g6 35.Qb3 Qb5 36.Qc3 e5 37.Qf3 a5 38.Qf6 Rc8 39.c7 Qe8 40.Qd6 Kg7 
41.Rd1 a4 42.Qd8 a3 43.Qxe8 Rxe8 44.Rd8 a2 45.Rxe8 1-0

[Event "31st WCh U20 Girls"]
[Site "Kocaeli TUR"]
[Date "2013.09.19"]
[Round "7.38"]
[White "Fuentes Godoy, Lilia Ivonne"]
[Black "Zdilar, Emilija"]
[Result "1-0"]
[WhiteElo "1829"]
[BlackElo "1885"]
[EventDate "2013.09.13"]
[PlyCount "37"]

1.g3 g6 2.Bg2 Nf6 3.d3 Bg7 4.e4 d6 5.Ne2 e5 6.O-O Bd7 7.h3 O-O 8.f4 c6 9.
Nd2 Na6 10.Nf3 Qe7 11.Nh2 Rad8 12.a3 Nc7 13.Qe1 Nh5 14.f5 g5 15.Bf3 Nf6 
16.Ng4 h6 17.Be3 b6 18.Kg2 d5 19.Nxf6+ 1-0

[Event "31st WCh U20 Girls"]
[Site "Kocaeli TUR"]
[Date "2013.09.21"]
[Round "8.1"]
[White "Bulmaga, Irina"]
[Black "Arabidze, Meri"]
[Result "1/2-1/2"]
[WhiteElo "2387"]
[BlackElo "2379"]
[EventDate "2013.09.13"]
[PlyCount "132"]

1.e4 c5 2.Nf3 d6 3.d4 cxd4 4.Nxd4 Nf6 5.Nc3 a6 6.Be3 e5 7.Nb3 Be6 8.h3 Be7
9.Qf3 O-O 10.O-O-O a5 11.a3 Nbd7 12.Kb1 a4 13.Nc1 Rc8 14.N1a2 Qa5 15.g4 
Nb6 16.Bxb6 Qxb6 17.g5 Nd7 18.Nb4 Bxg5 19.h4 Bh6 20.Nxa4 Qa5 21.Nc3 Nf6 
22.Rg1 Kh8 23.Ncd5 Nxd5 24.Nxd5 Qc5 25.Qe2 f5 26.Bh3 Qc4 27.Qxc4 Rxc4 28.
Nc3 Bg8 29.Bxf5 g6 30.Rxd6 Rd4 31.Rb6 gxf5 32.Rxh6 fxe4 33.Rh5 Re8 34.Re1 
Bf7 35.Rg5 e3 36.Rxe3 Rxh4 37.b3 Rh2 38.Re2 Bg6 39.Ne4 Re7 40.Ng3 e4 41.
Kb2 Re8 42.Rg4 Rg2 43.a4 Rf8 44.Rxg6 hxg6 45.Nxe4 Re8 46.Kc3 Kg7 47.Kd3 
Rd8+ 48.Ke3 g5 49.a5 g4 50.b4 Rf8 51.Kd4 Rf3 52.Re3 Rf4 53.Ke5 Rf7 54.Rg3 
Rfxf2 55.Rxg2 Rxg2 56.c3 Kf8 57.Kf4 Ke7 58.Nc5 Rc2 59.Ne4 Rg2 60.Nc5 g3 
61.Nxb7 Rc2 62.Kxg3 Rxc3+ 63.Kf4 Rc4+ 64.Ke5 Rxb4 65.a6 Ra4 66.Nc5 Rxa6 
1/2-1/2

[Event "31st WCh U20 Girls"]
[Site "Kocaeli TUR"]
[Date "2013.09.21"]
[Round "8.2"]
[White "Kashlinskaya, Alina"]
[Black "Cori Tello, Deysi"]
[Result "1-0"]
[WhiteElo "2434"]
[BlackElo "2433"]
[EventDate "2013.09.13"]
[PlyCount "55"]

1.d4 Nf6 2.c4 g6 3.g3 Bg7 4.Bg2 d5 5.cxd5 Nxd5 6.e4 Nb6 7.Ne2 c5 8.d5 e6 
9.Nbc3 exd5 10.Nxd5 O-O 11.O-O Nxd5 12.exd5 Bf5 13.Nc3 Na6 14.d6 Nb4 15.
Ne4 Bd4 16.Bg5 f6 17.Bh6 Rf7 18.Qb3 Qd7 19.Rfe1 Re8 20.Rac1 Be6 21.Qd1 b6 
22.a3 Nc6 23.b4 g5 24.bxc5 b5 25.Nc3 a6 26.Bxc6 Qxc6 27.Qxd4 Bh3 28.Qd5 
1-0

[Event "31st WCh U20 Girls"]
[Site "Kocaeli TUR"]
[Date "2013.09.21"]
[Round "8.3"]
[White "Padmini, Rout"]
[Black "Aulia, Medina Warda"]
[Result "1-0"]
[WhiteElo "2312"]
[BlackElo "2301"]
[EventDate "2013.09.13"]
[PlyCount "85"]

1.e4 e6 2.d4 d5 3.Nc3 Bb4 4.e5 c5 5.a3 Bxc3+ 6.bxc3 Qc7 7.h4 Nc6 8.h5 h6 
9.Nf3 Nge7 10.Rh4 Bd7 11.Bd3 c4 12.Be2 f6 13.Rg4 Qa5 14.Qd2 fxe5 15.dxe5 
O-O-O 16.Rxg7 Nf5 17.Rg6 Rhg8 18.Bb2 Nce7 19.Rxg8 Rxg8 20.g3 Qb6 21.Bc1 
Nc6 22.Qf4 d4 23.cxd4 Ncxd4 24.Nxd4 Nxd4 25.Bd1 Qa5+ 26.Bd2 c3 27.Be3 Qd5 
28.f3 Nf5 29.Bf2 Bb5 30.g4 Rd8 31.Bxa7 Ba6 32.a4 Qc6 33.gxf5 b6 34.Rb1 Qe8
35.Rxb6 Qxh5 36.Rb8+ Kc7 37.Rxd8 Qh1+ 38.Kf2 Qf1+ 39.Kg3 Kxd8 40.Qd4+ Ke8 
41.fxe6 Qe1+ 42.Kh2 Bc8 43.Bb6 1-0

[Event "31st WCh U20 Girls"]
[Site "Kocaeli TUR"]
[Date "2013.09.21"]
[Round "8.4"]
[White "Goryachkina, Alexandra"]
[Black "Hejazipour, Mitra"]
[Result "1-0"]
[WhiteElo "2418"]
[BlackElo "2256"]
[EventDate "2013.09.13"]
[PlyCount "61"]

1.d4 Nf6 2.c4 e6 3.Nf3 b6 4.g3 Bb7 5.Bg2 c5 6.d5 exd5 7.Ng5 h6 8.Nh3 Qc8 
9.cxd5 d6 10.Nc3 Be7 11.O-O a6 12.a4 O-O 13.e4 Nbd7 14.f4 Re8 15.Nf2 Bf8 
16.g4 c4 17.h4 Nc5 18.g5 hxg5 19.hxg5 Nfd7 20.Be3 Qd8 21.Qh5 g6 22.Qh3 Bg7
23.Ng4 Bc8 24.Qh4 f5 25.Nh6+ Kf8 26.Bf2 fxe4 27.f5 gxf5 28.Nxf5 Kg8 29.
Nxg7 Kxg7 30.Qh6+ Kg8 31.Qg6+ 1-0

[Event "31st WCh U20 Girls"]
[Site "Kocaeli TUR"]
[Date "2013.09.21"]
[Round "8.5"]
[White "Rodriguez Rueda, Paula Andrea"]
[Black "Abdumalik, Zhansaya"]
[Result "0-1"]
[WhiteElo "2225"]
[BlackElo "2277"]
[EventDate "2013.09.13"]
[PlyCount "48"]

1.d4 Nf6 2.c4 e6 3.Nf3 d5 4.Nc3 Bb4 5.e3 O-O 6.Bd3 c5 7.O-O Nc6 8.h3 Re8 
9.cxd5 exd5 10.a3 Bxc3 11.bxc3 c4 12.Bc2 g6 13.Nd2 Bf5 14.Re1 Bxc2 15.Qxc2
Ne4 16.f3 Qh4 17.Rf1 Ng3 18.e4 Nxf1 19.Kxf1 f5 20.e5 Nxe5 21.dxe5 Rxe5 22.
Qd1 Rae8 23.Bb2 f4 24.a4 Qg3 0-1

[Event "31st WCh U20 Girls"]
[Site "Kocaeli TUR"]
[Date "2013.09.21"]
[Round "8.6"]
[White "Khademalsharieh, Sarasadat"]
[Black "Wang Jue"]
[Result "1/2-1/2"]
[WhiteElo "2303"]
[BlackElo "2392"]
[EventDate "2013.09.13"]
[PlyCount "65"]

1.d4 Nf6 2.Nf3 g6 3.c4 Bg7 4.g3 O-O 5.Bg2 c5 6.O-O d6 7.dxc5 dxc5 8.Ne5 
Nfd7 9.Nxd7 Nxd7 10.Qb3 Ne5 11.Rd1 Qa5 12.Nc3 Nc6 13.Be3 Nd4 14.Bxd4 cxd4 
15.Nd5 Qd8 16.Qa3 Re8 17.c5 Bg4 18.Rd2 e5 19.e3 Be6 20.exd4 exd4 21.Nf4 
Qc7 22.Nxe6 Rxe6 23.Rad1 a6 24.b4 Rae8 25.Bd5 Re5 26.Qf3 Rf5 27.Qg2 Re7 
28.f4 h5 29.Be4 Rf6 30.Bd5 Rf5 31.Be4 Rf6 32.Bd5 Rf5 33.Be4 1/2-1/2

[Event "31st WCh U20 Girls"]
[Site "Kocaeli TUR"]
[Date "2013.09.21"]
[Round "8.7"]
[White "Xiao Yiyi"]
[Black "Saduakasova, Dinara"]
[Result "1/2-1/2"]
[WhiteElo "2163"]
[BlackElo "2326"]
[EventDate "2013.09.13"]
[PlyCount "45"]

1.d4 Nf6 2.c4 e6 3.g3 d5 4.Bg2 dxc4 5.Nf3 a6 6.O-O Nc6 7.Nc3 Rb8 8.a4 Be7 
9.e4 O-O 10.Be3 b5 11.axb5 axb5 12.d5 b4 13.dxc6 bxc3 14.bxc3 Qxd1 15.
Rfxd1 Nxe4 16.Bd4 f6 17.Bf1 Nd6 18.Ra7 Nb5 19.Ra5 Nd6 20.Ra7 Nb5 21.Ra5 
Nd6 22.Ra7 Nb5 23.Ra5 1/2-1/2

[Event "31st WCh U20 Girls"]
[Site "Kocaeli TUR"]
[Date "2013.09.21"]
[Round "8.8"]
[White "Ibrahimova, Sabina"]
[Black "Zhai Mo"]
[Result "1-0"]
[WhiteElo "2202"]
[BlackElo "2309"]
[EventDate "2013.09.13"]
[PlyCount "77"]

1.e4 c5 2.Nf3 d6 3.d4 cxd4 4.Nxd4 Nf6 5.Nc3 a6 6.h3 e6 7.g4 Be7 8.Bg2 Nfd7
9.Be3 Nc6 10.Qe2 O-O 11.O-O-O Nxd4 12.Bxd4 b5 13.e5 d5 14.Nxd5 exd5 15.
Bxd5 Rb8 16.Ba7 Rb7 17.Bxb7 Bxb7 18.Rhe1 Qc7 19.f4 Nc5 20.Bxc5 Bxc5 21.Kb1
Re8 22.f5 h6 23.Rd3 Bb4 24.c3 Bc5 25.h4 Qe7 26.Rh3 b4 27.g5 Bc8 28.e6 fxe6
29.f6 Qf7 30.gxh6 Qg6+ 31.Ka1 gxf6 32.Qf3 Kh7 33.Rg3 Qxh6 34.cxb4 Bd6 35.
Qd3+ Kh8 36.Qxd6 Qf8 37.Qd3 Qxb4 38.Reg1 f5 39.Qe2 1-0

[Event "31st WCh U20 Girls"]
[Site "Kocaeli TUR"]
[Date "2013.09.21"]
[Round "8.9"]
[White "Pavlidou, Ekaterini"]
[Black "Derakhshani, Dorsa"]
[Result "1/2-1/2"]
[WhiteElo "2216"]
[BlackElo "2078"]
[EventDate "2013.09.13"]
[PlyCount "135"]

1.d4 Nf6 2.c4 e6 3.Nc3 Bb4 4.e3 c5 5.Ne2 cxd4 6.exd4 d5 7.c5 Ne4 8.Bd2 
Bxc3 9.Nxc3 Nxc3 10.Bxc3 a5 11.Bd3 b6 12.Bb5+ Bd7 13.a4 O-O 14.O-O Qe7 15.
Rc1 Rc8 16.cxb6 Bxb5 17.axb5 Qb7 18.Qd2 Nd7 19.Bxa5 Nxb6 20.Bxb6 Qxb6 21.
Qb4 Rcb8 22.Rc5 Ra5 23.Rfc1 h6 24.h3 Kh7 25.Qb3 Rxb5 26.Qd3+ g6 27.Qf3 Kg7
28.Rc7 Rf8 29.Qf4 Rb4 30.Qe5+ Kg8 31.Rc8 Rc4 32.Rxf8+ Kxf8 33.Ra1 Ke7 34.
Ra8 Qc7 35.Qxc7+ Rxc7 36.Rb8 Rc1+ 37.Kh2 Rc4 38.Rb7+ Kf6 39.Kg3 Rxd4 40.
Kf3 Rd2 41.Ke3 Rc2 42.b4 h5 43.b5 e5 44.Rb6+ Ke7 45.Rb7+ Ke6 46.Rb6+ Kd7 
47.Rf6 Ke7 48.Rb6 h4 49.f4 exf4+ 50.Kxf4 f6 51.Rb7+ Kd6 52.Kf3 Rb2 53.Rf7 
Ke5 54.Re7+ Kd6 55.Rf7 Ke6 56.Rb7 g5 57.b6 Kd6 58.Rb8 Kc6 59.Rc8+ Kd7 60.
Rb8 Rb4 61.Ke3 Kc6 62.Rc8+ Kd7 63.Rb8 f5 64.Rg8 g4 65.hxg4 Rxg4 66.Rf8 Kc6
67.Rf6+ Kb7 68.Rxf5 1/2-1/2

[Event "31st WCh U20 Girls"]
[Site "Kocaeli TUR"]
[Date "2013.09.21"]
[Round "8.10"]
[White "Stiazhkina, Anna"]
[Black "Furtado, Ivana Maria"]
[Result "1-0"]
[WhiteElo "2244"]
[BlackElo "2134"]
[EventDate "2013.09.13"]
[PlyCount "77"]

1.e4 c6 2.d4 d5 3.exd5 cxd5 4.Bd3 Nf6 5.c3 g6 6.Nf3 Bg7 7.O-O O-O 8.Re1 
Nc6 9.Nbd2 Bf5 10.Bxf5 gxf5 11.Ne5 e6 12.Nd3 Ne7 13.Re3 Ng6 14.Rh3 Qe7 15.
Nf1 Ne4 16.Ng3 Ng5 17.Bxg5 Qxg5 18.f4 Qe7 19.Qh5 h6 20.Re1 Qd6 21.Qf3 Kh7 
22.Nh5 Bh8 23.Ne5 Nxe5 24.fxe5 Qe7 25.c4 dxc4 26.d5 Rg8 27.d6 Qd8 28.Kh1 
Rb8 29.Nf4 Rg5 30.Rh4 Qa5 31.Qe3 Rbg8 32.g3 Qxa2 33.Qd2 Qa6 34.d7 Qc6+ 35.
Ng2 Qb6 36.Rd1 c3 37.bxc3 Qd8 38.Rc4 Qe7 39.d8=Q 1-0

[Event "31st WCh U20 Girls"]
[Site "Kocaeli TUR"]
[Date "2013.09.21"]
[Round "8.11"]
[White "Gevorgian, Maria"]
[Black "Nguyen Thi Mai Hung"]
[Result "1-0"]
[WhiteElo "2143"]
[BlackElo "2222"]
[EventDate "2013.09.13"]
[PlyCount "107"]

1.e4 c5 2.Nf3 g6 3.d4 cxd4 4.Qxd4 Nf6 5.e5 Nc6 6.Qf4 Nd5 7.Qe4 Nc7 8.Nc3 
Bg7 9.Bf4 Ne6 10.Bg3 Qa5 11.O-O-O O-O 12.Bc4 Rb8 13.Kb1 Nc5 14.Qe3 e6 15.
Bb5 Qb6 16.Rd6 a6 17.Be2 Qa5 18.Nd2 Na4 19.Nxa4 Qxa4 20.Nb3 b5 21.Rhd1 Nb4
22.a3 Nc6 23.Bf3 b4 24.Bxc6 dxc6 25.Rd8 bxa3 26.Qc5 Qb5 27.Rxf8+ Bxf8 28.
Rd8 Qxc5 29.Nxc5 Kg7 30.Ne4 Rxb2+ 31.Ka1 Bb7 32.Bh4 c5 33.Bf6+ Kh6 34.Ng5 
Bxg2 35.Rxf8 Kh5 36.Rxf7 Bd5 37.Rxh7+ Kg4 38.Rh3 Ra2+ 39.Kb1 Rb2+ 40.Kc1 
Ra2 41.Rg3+ Kf5 42.Kd2 Ra1 43.Nh3 Rf1 44.Rxa3 Rh1 45.Rg3 c4 46.f3 Bxf3 47.
Rxf3+ Ke4 48.Ng5+ Kd5 49.h3 Ra1 50.Kc3 a5 51.Kb2 Ra4 52.Ra3 Rb4+ 53.Kc3 
Rb5 54.Ra1 1-0

[Event "31st WCh U20 Girls"]
[Site "Kocaeli TUR"]
[Date "2013.09.21"]
[Round "8.12"]
[White "Monnisha, Gajendra Babu Kannaiyan"]
[Black "Stetsko, Lanita"]
[Result "0-1"]
[WhiteElo "2094"]
[BlackElo "2213"]
[EventDate "2013.09.13"]
[PlyCount "144"]

1.e4 e5 2.Nf3 Nc6 3.Bb5 a6 4.Ba4 Nf6 5.O-O Be7 6.Re1 b5 7.Bb3 d6 8.c3 O-O 
9.d4 Bg4 10.Be3 Bh5 11.h3 exd4 12.cxd4 d5 13.e5 Ne4 14.Nc3 Nxc3 15.bxc3 
Qd7 16.Bc2 Nd8 17.Bd3 Ne6 18.Be2 c6 19.Nh2 Bg6 20.f4 f5 21.exf6 Bxf6 22.
Bg4 Be4 23.Nf1 Qd6 24.Qd2 Bh4 25.g3 Bd8 26.Qe2 Ba5 27.Rec1 Rae8 28.Nd2 Ng5
29.h4 Nf7 30.Nxe4 Rxe4 31.Bf5 Re7 32.Qd3 g6 33.Bh3 Qf6 34.a4 Rfe8 35.Bf2 
Bc7 36.axb5 axb5 37.Re1 Nd6 38.Rxe7 Rxe7 39.Bg2 Bb6 40.Ra6 Nc4 41.Bh3 Re4 
42.Ra8+ Kg7 43.Bg2 Re7 44.Bh3 Ba7 45.f5 Nb6 46.Rxa7 Rxa7 47.g4 Qe7 48.Qg3 
Nc4 49.g5 Ra1+ 50.Kh2 gxf5 51.Bxf5 Nd2 52.Bd3 Ne4 53.Bxe4 Qxe4 54.Qc7+ Kg6
55.Kg3 Rh1 56.Qxc6+ Kf7 57.Qf6+ Ke8 58.Qc6+ Kf8 59.Qf6+ Ke8 60.Qc6+ Ke7 
61.Qb7+ Kf8 62.Qa8+ Qe8 63.Qxd5 Rc1 64.Qf5+ Qf7 65.Qc5+ Qe7 66.Qf5+ Kg7 
67.h5 Rxc3+ 68.Kg2 Qf7 69.Qe5+ Kg8 70.Qb8+ Qf8 71.Qxb5 Qf3+ 72.Kg1 Rc1+ 
0-1

[Event "31st WCh U20 Girls"]
[Site "Kocaeli TUR"]
[Date "2013.09.21"]
[Round "8.13"]
[White "Iwanow, Anna"]
[Black "Qiu Mengjie"]
[Result "0-1"]
[WhiteElo "2210"]
[BlackElo "2091"]
[EventDate "2013.09.13"]
[PlyCount "66"]

1.e4 e5 2.Nf3 Nc6 3.Nc3 Nf6 4.g3 Bc5 5.Bg2 d6 6.d3 a6 7.O-O O-O 8.h3 Be6 
9.Re1 h6 10.Be3 Bxe3 11.fxe3 Ne7 12.Qd2 Ng6 13.Rf1 c6 14.Qf2 Qc7 15.g4 Nh7
16.Ne2 Ng5 17.Ng3 Ne7 18.Nh2 g6 19.h4 Nh7 20.Bh3 Kh8 21.Kh1 Rg8 22.Rg1 h5 
23.Qe2 Raf8 24.Bg2 hxg4 25.Nxg4 f5 26.Nh6 Rg7 27.exf5 gxf5 28.Nh5 Rg6 29.
Bf3 Rxh6 30.Qg2 Rg8 31.Qh2 Ng6 32.Rg2 Qe7 33.Rag1 Qxh4 0-1

[Event "31st WCh U20 Girls"]
[Site "Kocaeli TUR"]
[Date "2013.09.21"]
[Round "8.14"]
[White "Kuchava, Ana"]
[Black "Enkhtuul, Altanulzii"]
[Result "0-1"]
[WhiteElo "2092"]
[BlackElo "2202"]
[EventDate "2013.09.13"]
[PlyCount "97"]

1.d4 Nf6 2.Nf3 e6 3.c4 Bb4+ 4.Bd2 Qe7 5.g3 O-O 6.Bg2 Bxd2+ 7.Qxd2 d6 8.Nc3
e5 9.O-O h6 10.e4 a5 11.h3 Nc6 12.d5 Nb8 13.Ne1 Na6 14.Nc2 Nc5 15.Rae1 Bd7
16.f4 Nh5 17.Re3 Kh7 18.f5 g6 19.Qf2 gxf5 20.exf5 Nf6 21.g4 Rh8 22.Rg3 
Rag8 23.Qf3 Rg7 24.Kh2 Rhg8 25.Bh1 h5 26.Ne3 e4 27.Qf2 Nd3 28.Qe2 Qe5 29.
Ng2 Nxg4+ 30.hxg4 Rxg4 31.Nxe4 Bxf5 32.Kg1 Qxe4 33.Qxe4 Bxe4 34.Rxf7+ Kh8 
35.Rh3 Rxg2+ 36.Bxg2 Rxg2+ 37.Kf1 Rxb2 38.Re3 Ne5 39.Rxc7 Bg2+ 40.Ke1 h4 
41.Rb3 Rxb3 42.axb3 Nd3+ 43.Ke2 h3 44.Rc8+ Kg7 45.Rc7+ Kg6 46.Rc8 h2 47.
Rh8 Nf4+ 48.Ke3 Nh5 49.Kd4 0-1

[Event "31st WCh U20 Girls"]
[Site "Kocaeli TUR"]
[Date "2013.09.21"]
[Round "8.16"]
[White "Fronda, Jan Jodilyn"]
[Black "Bezgodova, Maria"]
[Result "1/2-1/2"]
[WhiteElo "2038"]
[BlackElo "2172"]
[EventDate "2013.09.13"]
[PlyCount "107"]

1.e4 e5 2.Nf3 Nc6 3.Bb5 a6 4.Ba4 Nf6 5.Qe2 d6 6.c3 Be7 7.d3 O-O 8.Nbd2 Nd7
9.Nf1 Nb6 10.Bc2 f5 11.exf5 Bxf5 12.h3 Kh8 13.Ne3 Be6 14.d4 exd4 15.Nxd4 
Nxd4 16.cxd4 Bf6 17.O-O g6 18.Ng4 Bc4 19.Bd3 Bxd3 20.Qxd3 Bg7 21.Bd2 Qd7 
22.Rae1 Qf5 23.Qe4 Qxe4 24.Rxe4 h5 25.Nh2 Rae8 26.Rfe1 Rxe4 27.Rxe4 Bf6 
28.Nf3 Kg7 29.Ng5 Bxg5 30.Bxg5 Rf7 31.Re8 Na4 32.b3 Nc3 33.a4 b6 34.Bd2 
Nd5 35.a5 Re7 36.Rxe7+ Nxe7 37.axb6 cxb6 38.Bb4 Nc8 39.Kf1 Kf6 40.Ke2 Ke6 
41.g4 hxg4 42.hxg4 Ne7 43.f4 Nd5 44.Bd2 Nf6 45.Kf3 a5 46.Be1 Kd5 47.f5 
gxf5 48.gxf5 Kxd4 49.Bf2+ Ke5 50.Bxb6 Kxf5 51.Bxa5 Nd5 52.Be1 Nc7 53.Bg3 
Nb5 54.Bxd6 1/2-1/2